000 00891 a2200217 4500
999 _c207648
_d207648
005 20220208110035.0
008 211021b ||||| |||| 00| 0 eng d
020 _a9780716776710
040 _aLC
_cUNZA
_eRDA
050 _aQH 308.2
_bLIF 2007.
245 _aLife :
_b the science of biology /
_cDavid Sadava, The claremeont Colleges Claremont, California; H. Craig Heller, Stanford University Stanford, California; Gordon H. Orians, Emeritus, University of Washington Seattle, Washington [and 2 others].
250 _aEighth edition.
260 _aSunderland, MA :
_bSinauer Associates,
_c2008.
300 _axxxv,1251 pages [and various pages] :
_billustrations.
504 _aIncludes bibliographical references and index.
650 _aBiology.
700 _aSadava, David
_eauthor
700 _aHeller, H. Craig
_eauthor
700 _aOrians, Gordon H.
_eauthor
942 _cBOOK